00532nam a22001697a 450000500170000001000150001702000260003203500130005803700130007108200140008410000200009824500890011826000460020727000660025330000240031950000190034320161021151551.0 aENG-116242 a9780199466054c450.00 aEN-99774 bDBAD/PUB a320.60954 a Mathur,Kuldeep aPublic policy and politics in India :c by Kuldeep Mathurbhow institutions matter / aNew Delhi bOxford University Pressc2015 aYMCA Library Building, 1 Jai Singh Road, bNew Delhi e110001 ax,296p. c22cm(pbk) aIncludes index